North Macedonia all time starting xi - Statistics

General Stats
  • This quiz has been taken 22 times
    4 since last reset
  • The average score is 4 of 11
Answer Stats
Hint Answer % Correct
MF(2017- Eljif Elmas
100%
FW(2001-2021 Goran Pandev
100%
FW(2015- Enis Bardhi
67%
DF(2013- Ezgjan Alioski
67%
GK(2015- Stole Dimitrievski
67%
DF(2017- Visar Musliu
33%
FW(2011- Aleksander Trajkovski
0%
MF(1996-2006 Artim Šakiri
0%
DF(1996-2010 Goce Sedloski
0%
DF(2011-2023 Stefan Ristovski
0%
MF(2000-2013 Veliče Šumulikoski
0%
No matching quizzes found
Score Distribution
Percent of People with Each Score
Percentile by Number Answered
Your Score History
You have not taken this quiz since the last reset